000
00285nam a2200121Ia 4500
008
190216s9999||||xx |||||||||||||| ||und||
100
_a
Whitehall H
245
0
_a
Structural Essentials Of English
260
_b
Orient Longman
_c
1970
300
_a
147
650
_a
English
942
_c
BK
999
_c
12930
_d
12930